NBA Eastern Conference #1 seed - Statistics

General Stats
  • This quiz has been taken 68 times
    9 since last reset
  • The average score is 48 of 77
Answer Stats
Year Team % Correct
2024 Boston Celtics
100%
2025 Cleveland Cavaliers
100%
2026 Detroit Pistons
100%
2017 Boston Celtics
86%
2008 Boston Celtics
86%
2012 Chicago Bulls
86%
2011 Chicago Bulls
86%
2016 Cleveland Cavaliers
86%
2022 Miami Heat
86%
2023 Milwaukee Bucks
86%
2018 Toronto Raptors
86%
2015 Atlanta Hawks
71%
1998 Chicago Bulls
71%
1997 Chicago Bulls
71%
1996 Chicago Bulls
71%
2010 Cleveland Cavaliers
71%
2009 Cleveland Cavaliers
71%
2007 Detroit Pistons
71%
2006 Detroit Pistons
71%
2005 Detroit Pistons
71%
2003 Detroit Pistons
71%
2014 Indiana Pacers
71%
2004 Indiana Pacers
71%
1999 Indiana Pacers
71%
2013 Miami Heat
71%
2020 Milwaukee Bucks
71%
2019 Milwaukee Bucks
71%
2021 Philadelphia 76ers
71%
1994 Atlanta Hawks
57%
1988 Boston Celtics
57%
1987 Boston Celtics
57%
1986 Boston Celtics
57%
1985 Boston Celtics
57%
1984 Boston Celtics
57%
1983 Boston Celtics
57%
1982 Boston Celtics
57%
1981 Boston Celtics
57%
1980 Boston Celtics
57%
1976 Boston Celtics
57%
1975 Boston Celtics
57%
1974 Boston Celtics
57%
1973 Boston Celtics
57%
1972 Boston Celtics
57%
1965 Boston Celtics
57%
1964 Boston Celtics
57%
1963 Boston Celtics
57%
1962 Boston Celtics
57%
1961 Boston Celtics
57%
1960 Boston Celtics
57%
1959 Boston Celtics
57%
1958 Boston Celtics
57%
1957 Boston Celtics
57%
1992 Chicago Bulls
57%
1991 Chicago Bulls
57%
2000 Indiana Pacers
57%
2002 New Jersey Nets
57%
1993 New York Knicks
57%
1971 New York Knicks
57%
1970 New York Knicks
57%
1954 New York Knicks
57%
1953 New York Knicks
57%
1995 Orlando Magic
57%
2001 Philadelphia 76ers
57%
1978 Philadelphia 76ers
57%
1977 Philadelphia 76ers
57%
1969 Baltimore Bullets
43%
1990 Detroit Pistons
43%
1989 Detroit Pistons
43%
1968 Philadelphia 76ers
43%
1967 Philadelphia 76ers
43%
1966 Philadelphia 76ers
43%
1956 Philadelphia Warriors
43%
1951 Philadelphia Warriors
43%
1979 Washington Bullets
43%
1955 Syracuse Nationals
29%
1952 Syracuse Nationals
29%
1950 Syracuse Nationals
29%
No matching quizzes found
Score Distribution
Percent of People with Each Score
Percentile by Number Answered
Your Score History
You have not taken this quiz since the last reset